E-learning : and the Science of Instruction : Proven Guidelines for Consumers and Designers of Multimedia Learning /

שמור ב:
מידע ביבליוגרפי
מחבר ראשי: Colvin Clark, Ruth (autor)
מחברים אחרים: Mayer, Richard E. (autor) (autor)
פורמט: ספר
שפה:אנגלית
יצא לאור: San Francisco, EUA : Pfeiffer, 2003, c2003
נושאים:
תגים: הוספת תג
אין תגיות, היה/י הראשונ/ה לתייג את הרשומה!

MARC

LEADER 00000nam^a2200000^a^4500
001 000156623
005 20250521000000.0
009 20260310100511.387
020 |a 0-7879-6051-9 
037 |a Acervo ITESO - Biblioteca 
041 |a ING 
082 |a 371. 334  |b COL 
100 |a Colvin Clark, Ruth  |e (autor) 
245 1 0 |a E-learning :  |b and the Science of Instruction : Proven Guidelines for Consumers and Designers of Multimedia Learning /  |c R. Colvin Clark, R.E. Mayer. 
264 4 |a San Francisco, EUA :  |b Pfeiffer,  |c 2003, c2003 
300 |a XIV, 322 p. 
336 |a texto  |b txt  |2 rdacontenido 
337 |a sin mediación  |b n  |2 rdamedio 
338 |a volumen  |b nc  |2 rdasoporte 
649 |a XX 
650 |a Aprendizaje 
650 |a Psicología Cognitiva 
650 |a Multimedia 
650 |a Internet 
650 |a Apoyos Didácticos 
650 |a Didáctica 
650 |a Metodología Educativa 
650 |a Proceso Educativo 
650 |a Computadoras en la Educación 
650 |a Tecnologías de Comunicación e Información 
650 |a Tecnología Educativa 
650 |a Tecnología y Sociedad 
650 |a Educación a Distancia 
650 |a Educación 
700 |a Mayer, Richard E.  |e (autor) 
910 |a Fondo General 
920 |a Impresos - Libros 
930 |a Colección General 
905 |a 101 
901 |a 0500085249  |b IT1  |c ACC  |u 20250521 
902 |a https://opac.biblio.iteso.mx/vufind/Record/000156623